Wzgórza we Wrocławiu - Statystyki

Ogólne statystyki
  • Ten quiz został rozwiązany 17 razy
  • Średni wynik to 5 z 23
Statystyki odpowiedzi
Odpowiedź % Poprawnych
Wzgórze Gajowe
92%
Wzgórze Partyzantów
77%
Wzgórze Andersa
62%
Wzgórze Maślickie
46%
Wzgórze Gajowickie
38%
Wzgórze Kilimandżaro
38%
Cmentarz Żołnierzy Polskich
31%
Mała Sobótka
31%
Wzgórze Słowiańskie
31%
Wzgórze Polskie
23%
Górka Wiatraczna
8%
Sośnik
8%
Szaniec Szwedzki
8%
Wzgórze Kapliczne
8%
Góra Sienicka
0%
Józefinka
0%
Skórnik
0%
Szaniec Pandurów
0%
Wzgórze Bendera
0%
Wzgórze przy ulicy Ceglanej
0%
Wzgórze przy ulicy Jaracza
0%
Wzgórze przy ulicy Wilczej
0%
Wzgórze przy ulicy Ziębickiej
0%
Nie znaleziono quizów pasujących do podanych kryteriów
Rozkład punktacji
Procent ludzi z każdym wynikiem
Percentyl według liczby udzielonych odpowiedzi
Twoja historia wyników
Nie rozwiązałeś tego quizu